header

Little strangers (Record no. 23550)

MARC details
000 -LEADER
fixed length control field 01544nam a2200313Ia 4500
082 04 - DEWEY DECIMAL CLASSIFICATION NUMBER
Classification number 362.73/4/0973
100 1# - MAIN ENTRY--AUTHOR NAME
Personal name Nelson, Claudia.
245 10 - TITLE STATEMENT
Title Little strangers
260 ## - PUBLICATION, DISTRIBUTION, ETC. (IMPRINT)
Place of publication Bloomington :
Name of publisher Indiana University Press,
Year of publication c2003.
300 ## - PHYSICAL DESCRIPTION
Number of Pages xii 224 p.
505 0# - FORMATTED CONTENTS NOTE
Formatted contents note The 1850s and their echoes : two case studies -- Money talks : the displaced child, 1860-1885 -- Melodrama and the displaced child, 1886-1906 -- Metaphor and the displaced child, 1886-1906 -- Adoption and women, 1907-1918 -- Adoption up to date : the rhetoric of mass individuality, 1919-1929.
650 #0 - SUBJECT ADDED ENTRY--TOPICAL TERM
Topical Term Adoption
Topical Term Orphans
Topical Term Adoption in literature.
856 40 - ELECTRONIC LOCATION AND ACCESS
Uniform Resource Identifier http://site.ebrary.com/lib/rucke/Doc?id=10026398

No items available.

© 2026 Rongo University
Contact us: librarian | system librarian | Rongo university